000 00624cam a22002293a 4500
001 19885
003 PGUSA
005 20140828083424.0
008 061121s2006||||xxu|||||s|||||000 | eng d
040 _aPGUSA
_beng
042 _adc
050 4 _aHQ
100 1 _aMantegazza, Paolo,
_d1831-1910
245 1 0 _aL'arte di prender marito
_h[electronic resource] /
_cPaolo Mantegazza
260 _bProject Gutenberg,
_c2006
506 _aPublic domain in the USA.
516 _aElectronic text
653 _aMarriage
830 0 _aProject Gutenberg
_v19885
856 4 0 _uhttp://www.gutenberg.org/ebooks/19885
942 _cEB
999 _c249140
_d249140